00403 2200169 4500001002100000005001500021035002000036007000300056008004100059020001800100082001100118084002100129100001500150245001600165260003600181990001600217INLIS00000000000267020260409113054 a0010-0426000128ta260409 0  a9786231892461 a297.61 a297.61 NUR s c.10 aNur Rokhim1 aSang Pendoa ayogyakarta :bDIVA Press,c2023 a2026/h/0728